000 00376cam a22001217a 4500
008 180718b1977 xxu||||| |||| 00| 0 eng d
082 _aB11x54 M295
245 _aDissent protest and reform in indian Civilization
_cedited by S.C. Malik
260 _aSimla
_bIndian Institute of Advanced Study
_c1977
300 _a391p.
650 _aCivilization - India
700 _aMalik, S.C.
999 _c348688
_d348688